| 000 -CABECERA |
| Longitud fija campo de control |
00902nam a22002537a 4500 |
| 003 - IDENTIFICADOR DEL NÚMERO DE CONTROL |
| Identificador del número de control |
OSt |
| 005 - FECHA Y HORA DE LA ÚLTIMA TRANSACCIÓN |
| Fecha y hora de la última transacción |
20170620163058.0 |
| 008 - CÓDIGOS DE INFORMACIÓN DE LONGITUD FIJA |
| Códigos de información de longitud fija |
170523s2016 spc|||||||||||||| ||spa|d |
| 017 ## - NÚMERO DE COPYRIGHT O DE DEPÓSITO LEGAL |
| Número de copyright o de depósito legal |
B-23.319-2016 |
| 020 ## - NÚMERO INTERNACIONAL NORMALIZADO PARA LIBROS |
| Número Internacional Normalizado para Libros (ISBN) |
9788491166160 |
| 040 ## - FUENTE DE LA CATALOGACIÓN |
| Centro catalogador de origen |
ES-BaUOC |
| Lengua de catalogación |
cat |
| Centro transcriptor |
CDMR |
| 100 1# - PUNTO DE ACCESO PRINCIPAL-NOMBRE DE PERSONA |
| Nombre de persona |
Aranda, Daniel, |
| 245 10 - MENCIÓN DE TÍTULO |
| Título |
Cómo construir un buen guion audiovisual |
| Mención de responsabilidad, etc. |
/ Daniel Aranda, Fernando de Felipe, Pau Icart, Cristina Pujol |
| 246 20 - VARIANTES DE TÍTULO |
| Título propio / Título en breve |
El títol propi hauria de dir: Cómo construir un buen guión audiovisual |
| 250 ## - MENCIÓN DE EDICIÓN |
| Mención de edición |
Primera edición en lengua castellana: noviembre 2016 |
| 260 ## - PUBLICACIÓN, DISTRIBUCIÓN, ETC. (PIE DE IMPRENTA) |
| Lugar de publicación, distribución, etc. |
Barcelona : |
| Nombre del editor, distribuidor, etc. |
Editorial UOC, |
| Fecha de publicación, distribución, etc. |
2016 |
| 300 ## - DESCRIPCIÓN FÍSICA |
| Extensión |
251 pàgines : |
| Otras características físicas |
il·lustracions ; |
| Dimensiones |
24 cm |
| 504 ## - NOTA DE BIBLIOGRAFÍA, ETC |
| Nota de bibliografía, etc. |
Bibliografia |
| 650 07 - PUNTO DE ACCESO ADICIONAL DE MATERIA - TÉRMINO DE MATERIA |
| Término de materia o nombre geográfico como elemento inicial |
Guions cinematogràfics |
| Fuente del encabezamiento o término |
lemac |
| 9 (RLIN) |
836 |
| 700 1# - PUNTO DE ACCESO ADICIONAL - NOMBRE DE PERSONA |
| Nombre de persona |
Felipe, Fernando de, |
| Fechas asociadas al nombre |
1965-, |
| Término indicativo de función |
autor |
| 700 1# - PUNTO DE ACCESO ADICIONAL - NOMBRE DE PERSONA |
| Nombre de persona |
Icart, Pau, |
| Término indicativo de función |
autor |
| 700 1# - PUNTO DE ACCESO ADICIONAL - NOMBRE DE PERSONA |
| Nombre de persona |
Pujol, Cristina, |
| Término indicativo de función |
autor |
| 942 ## - ENTRADA DE ELEMENTOS AGREGADOS (KOHA) |
| Koha [por defecto] tipo de item |
Monografies |
| Fuente de clasificaión o esquema |
|